00495 2200205 4500001002100000008004100021035002000062082000800082084001400090100002000104245005400124250000600178260003200184300001200216650001300228990001200241990001200253990001200265990001200277INLIS000000000000643 ind  a0010-0424000619 a500 a500 WIL f aHunter, William aFisika Untuk Memecahkan KejahatancWilliam Hunter a1 aBandung :bPakar Rayac2008 a112 hlm aNonfiksi a0721626 a0721627 a0721628 a0721629